00625cam a22002177a 4500003000500000005001700005008004100022010001000063011001000073020001500083035001000098040000900108082001800117100003000135245006000165260003800225300003000263490004700293650002000340830004700360CHAP20220329142246.0000331d1997 us a r 00010 eng d a80673 a81645 a0824797086 a92120 cCHAP04a581.13342bP400aPessarakli, Mohammadeed.10aHandbook of photosynthesisc/ed. by Mohammad Pessarakli aNew York :bMarcel Dekker,c1997. a1027 p. :bilus. gráfs. 0aBooks in soils, plants and the environment14aFotosíntesis.0 aBooks in soils, plants and the environment